000 00242nam a22001097a 4500
003 SGT
082 _a331.255,BAR
100 _aBARE,ACT
245 _aEMPLOYERS COMPENSATION ACT,1923
260 _aNEW DELHI
_bEASTERN BOOK
_c2015
942 _2ddc
_cBK
999 _c11615
_d11615